000 00762nam a2200253Ia 4500
003 OSt
005 20220928122807.0
006 a|||||r|||| 00| 0
007 ta
008 220927b |||||||| |||| 00| 0 eng d
020 _c399
024 _a128225
037 _b0360, 10/12/2016, Bookwell Publications
_cTextual
040 _aSDCL
_cSDCL
_beng
041 _2eng
_aeng
082 _aQ8441.2'M84, Q5
100 _aMukhopadhyay Nilanjan
_9443610
245 0 _aSikhs
_b The untold agony of 1984
260 _aNew Delhi
_bTranquebar Press
_c2015
300 _axiv;179p.
_ccm.
650 _aReference
942 _hQ8441.2'M84, Q5
_cTEXL
_2CC
999 _c772437
_d772437